00354nam a2200121Ia 4500008004100000020001800041082001900059100003900078245006400117250001600181260002500197300001000222210430s9999 xx 000 0 und d a9788177581706 a670.42 K 141 M aSteven R.Schmid, Serope Kalpakjian aManufacturing Engineering and Technology /cSteven R.Schmid a4th edition aIndiabPearsonc2001 a1168p